Diccionario Santillana del español

Saved in:
Bibliografiske detaljer
Format: Bog
Sprog:spansk
Udgivet: Santiago Santillana del Pacífico 2004
Udgivelse:3a. ed
Fag:
Tags: Tilføj Tag
Ingen Tags, Vær først til at tagge denne postø!

MARC

LEADER 00000nam a2200000 a 4500
001 UCL8747
003 CL-VaPUC
008 040702e20040300CL |||||||||||||||||spa|d
020 |a 9561505940 
082 0 4 |a 463  |b DIC  |2 21 
245 1 0 |a Diccionario Santillana del español 
250 |a 3a. ed 
300 |a 776 p 
942 |c BK 
945 |d 20040702 00:00:00  |a cmena 
260 |a Santiago  |b Santillana del Pacífico  |c 2004 
650 0 |a Idioma español  |9 309143 
650 0 |a Diccionarios  |9 256200 
583 |a last modification  |c 20040702 00:00:00  |k Rodrigo Vera 
999 |c 309914  |d 309912 
952 |0 0  |1 0  |4 0  |6 463_000000000000000_DIC_2004  |7 0  |8 A  |9 377776  |a BIBEDU  |b BIBEDU  |d 2019-11-21  |i 4032527  |o 463 DIC 2004  |p 4032527  |r 2019-11-21  |w 2019-11-21  |y BK  |k EBA 
952 |0 0  |1 0  |4 0  |6 463_000000000000000_DIC_2004  |7 0  |8 A  |9 377777  |a BIBEDU  |b BIBEDU  |d 2019-11-21  |i 4032535  |o 463 DIC 2004  |p 4032535  |r 2019-11-21  |w 2019-11-21  |y BK  |k EBA